Breaking the mould (Record no. 69062)

MARC details
000 -LEADER
fixed length control field 01511cam a2200241 4500
001 - CONTROL NUMBER
control field ABS64892
008 - FIXED-LENGTH DATA ELEMENTS--GENERAL INFORMATION
fixed length control field 011210n2001 000 0 eng u
035 ## - SYSTEM CONTROL NUMBER
System control number (Sirsi) u115934
100 ## - MAIN ENTRY--PERSONAL NAME
Personal name Lillywhite, C
245 ## - TITLE STATEMENT
Title Breaking the mould
260 ## - PUBLICATION, DISTRIBUTION, ETC.
Date of publication, distribution, etc. 2001
490 ## - SERIES STATEMENT
Series statement Wastes Management
Volume/sequential designation November 2001, 38-39(2)
520 ## - SUMMARY, ETC.
Summary, etc. Government is encouraging developers to reclaim contaminated land with a target that 60% of domestic construction occurs on brownfield sites and the introduction of regional land contamination registers and compliance notices. Article looks at the range of remediation techniques available and asks why traditional methods such as 'dig and dump' are still preferred to innovative techniques incorporating biological, chemical or physical processes. Examines the issue of risk with contaminated land treatment and highlights a CIRIA project which aims to make the lessons learned from current commerical practices available to the industry. The findings of CIRIA's study have been used to create guidance on the selection and application of biological techniques on contaminated sites. For further information on CIRIA's work on contaminated land call +44 (0) 20 7222 8891 or email: [email protected]. Table.
590 ## - LOCAL NOTE (RLIN)
Local note ABS
650 ## - SUBJECT ADDED ENTRY--TOPICAL TERM
Topical term or geographic name entry element CONTAMINATED LAND
650 ## - SUBJECT ADDED ENTRY--TOPICAL TERM
Topical term or geographic name entry element CIRIA
650 ## - SUBJECT ADDED ENTRY--TOPICAL TERM
Topical term or geographic name entry element LAND REMEDIATION
650 ## - SUBJECT ADDED ENTRY--TOPICAL TERM
Topical term or geographic name entry element BROWNFIELD SITES
650 ## - SUBJECT ADDED ENTRY--TOPICAL TERM
Topical term or geographic name entry element RISK ASSESSMENT
650 ## - SUBJECT ADDED ENTRY--TOPICAL TERM
Topical term or geographic name entry element REMEDIATION METHODS
690 ## - LOCAL SUBJECT ADDED ENTRY--TOPICAL TERM (OCLC, RLIN)
Topical term or geographic name as entry element ENVIRONMENT-CONTAMINATION
942 ## - ADDED ENTRY ELEMENTS (KOHA)
Suppress in OPAC 0
Holdings
Withdrawn status Lost status Source of classification or shelving scheme Damaged status Not for loan Home library Current library Shelving location Date acquired Total Checkouts Full call number Barcode Date last seen Copy number Price effective from Koha item type
    Dewey Decimal Classification     London London Journal article 10/12/2001   ABS64892 115934-1001 06/08/2019 1 06/08/2019 Journal article